Responses for Show #2944 - Thursday, May 22, 1997

1997 College Championship final game 1.

Contestants

[<< previous game]

Craig Barker, a freshman from the University of Michigan

Steven Bevier, a senior from Michigan State University

Mark Urciuolo, a sophomore from Marist College

[next game >>]

Jeopardy! Round responses

THE 19th CENTURY
COLLEGE HODGEPODGE
SPORTS
NATURE
ADJECTIVES
NURSERY RHYME HEADLINES
(Alex: You're going to love that!)
    $100 1
Diamonds

Steven
    $100 7
Coeducational

Mark
    $100 3
Skiing

Mark
    $100 16
(C: What is saffron?)

Oil

MarkCraig
    $100 21
Honest

Craig
    $100 22
Cow

Craig
    $200 2
Stephen Foster

Craig
    $200 8
The Seven Sisters

Craig
    $200 10
Los Angeles Dodgers

Steven
    $200 17
(C: What are cones?)

Wind

Craig
Triple Stumper
    $200 27
Close

Mark
    $200 23
Mary

Craig
    $300 4
Clermont

Triple Stumper
    $300 9
Student body

Steven
    $300 11
Pete Sampras

Steven
    $300 18
Cartilage

Craig
    $300 28
Late

Craig
    $300 24
Old King Cole

Craig
    $500 5
The Netherlands (Holland)

Mark
    $400 14
(M: What is the National Honor Society?)

Phi Beta Kappa

MarkCraig
    $400 12
Mike Ditka

Steven
    $400 19
Cumulonimbus

Mark
    $400 29
Dorsal

Mark
    $400 25
Jack

Craig
    $500 6
Giuseppe Garibaldi

Craig
    $500 15
Curriculum

Mark
    $500 13
Greg LeMond

Mark
    $500 20
Snails

Triple Stumper
    $500 30
Mauritius

Triple Stumper
    $500 26
Little Miss Muffet

Mark

Scores at the first commercial break (after clue 14):

Mark Steven Craig
$800 $1,300 $1,300

Scores at the end of the Jeopardy! Round:

Mark Steven Craig
$2,900 $1,300 $2,700

Double Jeopardy! Round responses

WORLD GEOGRAPHY
LAWS
TRANSPORTATION
EXPLORERS
ALTERNATIVE MEDICINE
IN THE BOOKSTORE
    $200 11
Russia

Steven
    $200 3
French

Steven
    $200 26
Road maps

Triple Stumper
    $200 12
Jacques Cousteau

Mark
    $200 21
Acupuncture

Craig
    $200 1
Tim Allen

Mark
    $400 13
Seoul

Craig
    $400 7
Afghanistan

Mark
    $400 27
Erie Canal

Steven
    $400 17
Hernando Cortes

Mark
    $400 22
Transcendental Meditation

Craig
    $400 2
The Rules

Craig
    $600 14
Mount Etna

Craig
    $600 8
Taft-Hartley

Craig
    $600 28
Canoe

Steven
    $600 18
Leif Ericson

Craig
    $600 23
Chiropractic

Mark
    $600 4
David Brinkley

Craig
    $800 15
(C: What is the Porto?)

Tagus

Craig
Triple Stumper
    $800 9
Family & Medical Leave

Mark
    $800 29
Bullet train

Steven
    $800 19
Ponce de Leon

Craig
    $1,500 24
(M: What is Panas?)

Ginseng

Mark
    $800 5
(S: What is Tempe?)

Tucson

StevenCraig
    $1,700 16
Baltic Sea

Craig
    $1000 10
Megan's Law

Mark
    $1000 30
(Alex: Can't believe the two of you from Michigan missed this!)

Teamsters

Triple Stumper
    $1000 20
(C: Who is Edmonton?)

Roald Amundsen

Craig
Triple Stumper
    $1000 25
Biofeedback

Triple Stumper
    $1000 6
Maeve Binchy

Triple Stumper

Scores at the end of the Double Jeopardy! Round:

Mark Steven Craig
$5,000 $2,700 $8,000

Final Jeopardy! Round responses

MONARCHS
StevenWho is James II
$2,700
MarkWho is Charles X
$2,500
CraigWho was James I
$2,500
Charles I

Final scores:

Mark Steven Craig
$2,500 $0 $5,500

Game dynamics:

Coryat scores:

Mark Steven Craig
$6,400 $2,700 $7,300
17 R
(including 1 DD),
2 W
(including 1 DD)
10 R,
1 W
22 R
(including 1 DD),
4 W

Combined Coryat: $16,400

[game clues] [game scores] [suggest correction]

Game tape date: 1997-02-26
The J! Archive is created by fans, for fans. Scraping, republication, monetization, and malicious use prohibited; this site may use cookies and collect identifying information. See terms. The Jeopardy! game show and all elements thereof, including but not limited to copyright and trademark thereto, are the property of Jeopardy Productions, Inc. and are protected under law. This website is not affiliated with, sponsored by, or operated by Jeopardy Productions, Inc. Join the discussion at JBoard.tv.